Conductas de riesgo en adolescentes de 12 a 19 años en Costa Rica

Salvato in:
Dettagli Bibliografici
Autore principale: Molina Delgado, Mauricio
Enti autori: OPS/OMS, Universidad de Costa Rica. Facultad de Ciencias Sociales. Instituto de Investigaciones Psicológicas
Altri autori: Durán, Valkiria, Donas Burak, Solum, Rocabado Q, Fernando
Natura: testo
Pubblicazione: San José: Eds. Perro Azul
Soggetti:
Tags: Aggiungi Tag
Nessun Tag, puoi essere il primo ad aggiungerne!!

MARC

LEADER 00000 a a2200000 04500
001 11441
003
040
020 |a [sin ISBN]  
022 |a [sin ISBN]  
090 |a 139500  
100 |a Molina Delgado, Mauricio  
110 |a OPS/OMS  
245 |a Conductas de riesgo en adolescentes de 12 a 19 años en Costa Rica  
260 |a San José:   |b Eds. Perro Azul  
300 |a 126 p.   |b formularios  
650 |a ADOLESCENTES  
650 |a CALIDAD DE LA VIDA  
650 |2 Macrothesaurus de la OCDE  
650 |a DESARROLLO DE LA PERSONALIDAD  
650 |a COMPORTAMIENTO  
650 |a RIESGO  
650 |a ADOLESCENTES  
650 |a COMPORTAMIENTO  
700 |a Durán, Valkiria  
700 |a Donas Burak, Solum  
700 |a Rocabado Q, Fernando  
710 |a Universidad de Costa Rica. Facultad de Ciencias Sociales. Instituto de Investigaciones Psicológicas  
999 |c 11701  |d 11701